Giáo trình kỹ thuật xung

Trình bày linh kiện thụ động trong kỹ thuật xung, xung và các dạng xung, mạch vi phân dùng RC, mạch tích phân dùng RC, mạch vi phân và tích phân dùng RL. Các phân tử tích cực trong kỹ thuật xung. Các mạch điện dùng trong kỹ thuật xung, mạch tạo dãy xung...

Ausführliche Beschreibung

Gespeichert in:
Bibliographische Detailangaben
1. Verfasser: Nguyễn, Nam Quân
Weitere Verfasser: Nguyễn, Lê Cường
Format: Buch
Sprache:Undetermined
Veröffentlicht: H. Khoa học và Kỹ thuật 2017
Schlagworte:
Online Zugang:http://lrc.tdmu.edu.vn/opac/search/detail.asp?aID=2&ID=33152
Tags: Tag hinzufügen
Keine Tags, Fügen Sie den ersten Tag hinzu!
Thư viện lưu trữ: Trung tâm Học liệu Trường Đại học Thủ Dầu Một
LEADER 01101nam a2200217Ia 4500
001 TDMU_33152
008 210410s9999 xx 000 0 und d
082 |a 959.704092 
090 |b NG527 
100 |a Nguyễn, Nam Quân 
245 0 |a Giáo trình kỹ thuật xung 
245 0 |c Nguyễn Nam Quân, Nguyễn Lê Cường 
260 |a H. 
260 |b Khoa học và Kỹ thuật 
260 |c 2017 
300 |a 107 tr. 
520 |a Trình bày linh kiện thụ động trong kỹ thuật xung, xung và các dạng xung, mạch vi phân dùng RC, mạch tích phân dùng RC, mạch vi phân và tích phân dùng RL. Các phân tử tích cực trong kỹ thuật xung. Các mạch điện dùng trong kỹ thuật xung, mạch tạo dãy xung vuông, mạch tạo xung đơn, mạch trigiơ 
650 |a Kĩ thuật xung  |v Giáo trình 
700 |a Nguyễn, Lê Cường 
856 |u http://lrc.tdmu.edu.vn/opac/search/detail.asp?aID=2&ID=33152 
980 |a Trung tâm Học liệu Trường Đại học Thủ Dầu Một